Minecraft Mobs: Creaking - Statistics

General Stats
  • This quiz has been taken 10 times
  • The average score is 6 of 10
Answer Stats
Question Answer % Correct
What is a creaking's height in blocks? 2.7
80%
What two blocks needs to be aligned with that block for it to be active? Pale Oak Log
80%
What is a creaking's width in blocks? 0.9
70%
What is the maximum distance in blocks a creaking will wander away from its spawning block? 32
70%
What can a player wear that allows the creaking to move even when that player is looking towards it? Carved Pumpkin
70%
What block spawns a creaking? Creaking Heart
70%
What biome does that block generate in? Pale Garden
60%
What is one mob that is scared of creakings? Evoker | Pillager | Vindicator
30%
What generates around the spawning block when the creaking is attacked? Resin Clump
30%
What advancement do you get when you place the first block between the other two blocks? Heart Transplanter
10%
No matching quizzes found
Score Distribution
Percent of People with Each Score
Percentile by Number Answered
Your Score History
You have not taken this quiz